| 000 | 00841nam a2200217 a 4500 | ||
|---|---|---|---|
| 001 | 000135184 | ||
| 003 | AM-YEHGA | ||
| 005 | 20250617122813.0 | ||
| 008 | 991001s1991 ru |||||||||||||||||rus d | ||
| 040 | _aAM-YeHGA | ||
| 041 | 0 | _arus | |
| 245 | 0 | 0 |
_aОбщебиологические аспекты филогении растений : _b[Сборник статей] / _cМоск. о-во испытателей природы ; [Отв. ред. В.Н. Тихомиров]. |
| 260 |
_aМосква : _bНаука, _c1991. |
||
| 300 |
_a124 с. ; _c22 см. |
||
| 650 | 1 | 4 | _aРастения |
| 650 | 1 | 4 | _aФилогенез |
| 700 | 1 |
_aТихомиров, Вадим Николаевич _eред. _4edt |
|
| 710 | 2 | _aМосковское общество испытателей природы | |
| 942 |
_2udc _cBK |
||
| 090 | _c45921 | ||
| 999 |
_c45186 _d45186 |
||